| 000 | 00774 a2200241 4500 | ||
|---|---|---|---|
| 003 | Nust | ||
| 005 | 20170207171639.0 | ||
| 010 | _a 2006272930 | ||
| 020 | _a0750657847 | ||
| 040 | _cNust | ||
| 082 | 0 | 0 | _a621.319/2 |
| 100 | 1 | _aBird, J. O. | |
| 245 | 1 | 0 |
_aElectrical circuit theory and technology (E-BOOK) _cJohn Bird. |
| 250 | _aRev. 2nd ed. | ||
| 260 |
_aOxford ; _aNew York : _bNewnes, _c2003. |
||
| 300 |
_axviii, 984 p. : _bill. ; _c25 cm. |
||
| 500 | _aIncludes index. | ||
| 650 | 0 | _aElectric circuits. | |
| 650 | 0 | _aElectrical engineering. | |
| 651 | _aE-BOOK | ||
| 856 | 4 | 2 |
_3Publisher description _uhttp://www.loc.gov/catdir/enhancements/fy0632/2006272930-d.html |
| 856 | 4 | 2 |
_3Table of contents only _uhttp://www.loc.gov/catdir/enhancements/fy0705/2006272930-t.html |
| 942 |
_2ddc _cBK |
||
| 999 |
_c218078 _d218078 |
||